| 000 | 01060nam a2200229Ia 4500 | ||
|---|---|---|---|
| 003 | Ost | ||
| 005 | 20260507075649.0 | ||
| 008 | 260507s9999||||xx |||||||||||||| ||und|| | ||
| 040 | _cfsecg | ||
| 041 | _aara | ||
| 082 | _a658.403 | ||
| 100 |
_aالكبيسي، عامر خضير _eمؤلف |
||
| 245 | 0 |
_aإدارة المعرفة وتطوير المنظمات / _c عامر خضير الكبيسي |
|
| 260 |
_aالإسكندرية: _bالمكتب الجامعي الحديث, _c2005 |
||
| 300 |
_a166 صفحة؛ _bإيضاحات ؛ _c24 سم |
||
| 520 | _aالمعرفة الإدارية المعاصرة بين العلم والفلسفة- إدارة المعرفة الإدارية "الواقع والطموح"- التعليم التنظيمي والمنظمات المتعلمة- التمكين التنظيمي والمنظمات المتمكنة. | ||
| 653 | _aإدارة المعرفة | ||
| 653 | _aإدارة المعلومات | ||
| 653 | _aالمنظمات | ||
| 653 | _aالمنظمات والهيئات- إدارة | ||
| 942 | _cكتاب | ||
| 999 |
_c45552 _d45552 |
||